Instalaciones de televisión educativa : (Record no. 3269)

000 -CABECERA
fixed length control field 00971nam a22002057a 4500
003 - IDENTIFICADOR DEL NÚMERO DE CONTROL
control field AR-CdUCM
008 - DATOS DE LONGITUD FIJA--INFORMACIÓN GENERAL
fixed length control field 190306b ||||| |||| 00| 0 spa d
040 ## - FUENTE DE LA CATALOGACIÓN
Agencia/entidad que catalogó originalmente la obra MUNICIPALIDAD PROVINCIAL DEL CUSCO
Entidad que transcribió la catalogación BIBLIOTECA MUNICIPAL DEL CUSCO
082 ## - NÚMERO DE LA CLASIFICACIÓN DECIMAL DEWEY
No. de Clasificación 375.494 /
Notacion interna W74
100 ## - ENTRADA PRINCIPAL--NOMBRE DE PERSONA
Nombre Personal Witherspoon, John P.
245 ## - MENCIÓN DE TÍTULO
Título Instalaciones de televisión educativa :
Resto del título guía para una programación /
260 ## - PUBLICACIÓN, DISTRIBUCIÓN, ETC.
Lugar de publicación, distribución, etc. México :
Nombre de la editorial, distribuidor, etc. Diana,
Fecha de publicación, distribución, etc. 1972.
300 ## - DESCRIPCIÓN FÍSICA
Nº de Páginas Extensión 102 páginas ;
Dimensiones 26 cm.
505 ## - NOTA DE CONTENIDO CON FORMATO
Nota de contenido formateada Contenido: El medio adecuado para el trabajo -- Elementos de ingenieria de televisión -- Sistemas de producción de TV. -- Sistemas de transmisión: transmisión del programa de un punto a otro -- Instalaciones de recepción de televisión: proyección en el salón de clases -- Grabadoras de televisión: el problema maravilloso ...
650 ## - PUNTO DE ACCESO ADICIONAL DE MATERIA--TÉRMINO DE MATERIA
Descriptor Escuela
9 (RLIN) 1856
650 ## - PUNTO DE ACCESO ADICIONAL DE MATERIA--TÉRMINO DE MATERIA
Descriptor Televisión escolar
9 (RLIN) 10898
700 ## - PUNTO DE ACCESO ADICIONAL--NOMBRE DE PERSONA
Nombre Personal Kessler, William J.
9 (RLIN) 10899
942 ## - ELEMENTOS DE PUNTO DE ACCESO ADICIONAL (KOHA)
Fuente de clasificación
Tipo de item Libros-BMC
945 ## - PROCESAMIENTO DE INFORMACIÓN LOCAL (OCLC)
Catalogador zta
Holdings
Estado de retiro (separado) Fuente de clasificación o esquema de estanterías Estado dañado Ubicación Sala donde se ubica Nombre de la colección Fecha de adquisición o compra Costo, precio normal en soles Signatura topográfica Código de Barras Última vez visto (Koha) Tipo de ítem (Koha)
No     Sala Humanidades Sala Humanidades Book Cart 2019-03-06 17.00 375.494 / W74 SH0000003745 2019-03-06 Libros-BMC

Powered by Koha